Catalog

Record Details

Catalog Search



Available copies

  • 2 of 2 copies available at LARL/NWRL Consortium.
  • 2 of 2 copies available at Lake Agassiz Regional Library. (Show preferred library)

Current holds

0 current holds with 2 total copies.

Show Only Available Copies
Location Call Number / Copy Notes Barcode Shelving Location Status Due Date
Crookston Public Library MOR (Text) 33500013141239 Main Available -
Fosston Public Library MOR (Text) 33500013141247 Main Available -

Record details

  • ISBN: 9781335147271
  • ISBN: 1335147276
  • ISBN: 9781335016638
  • ISBN: 1335016635
  • Physical Description: 363 pages ; 23 cm
  • Publisher: Toronto, Ontario : HQN Books, [2019]

Content descriptions

Summary, etc.:
In the snowy perfection of Aspen, the White family ... Read More
Subject: Weddings > Fiction.
Man-woman relationships > Fiction.
Sisters > Fiction.
Christmas stories.
Aspen (Colo.) > Fiction.
Genre: Romance fiction.
Christmas fiction.
Novels.
LDR 02285cam a2200397Ii 4500
001321504
003LARL_NWRL_CONSORTIUM
00520191007212157.0
008190916t20192019onc 000 1 eng d
040 . ‡aOMN ‡beng ‡erda ‡cOMN ‡dTOH ‡dBDX ‡dSAP ‡dVP@ ‡dRCL
019 . ‡a1111203381
020 . ‡a9781335147271 ‡q(softcover)
020 . ‡a1335147276 ‡q(softcover)
020 . ‡a9781335016638
020 . ‡a1335016635
035 . ‡a(OCoLC)1119665762 ‡z(OCoLC)1111203381
1001 . ‡aMorgan, Sarah, ‡d1948- ‡eauthor. ‡0(LARL_NWRL_CONSORTIUM)220833
24512. ‡aA wedding in December / ‡cSarah Morgan.
264 1. ‡aToronto, Ontario : ‡bHQN Books, ‡c[2019]
264 4. ‡c©2019
300 . ‡a363 pages ; ‡c23 cm
336 . ‡atext ‡btxt ‡2rdacontent
337 . ‡aunmediated ‡bn ‡2rdamedia
338 . ‡avolume ‡bnc ‡2rdacarrier
520 . ‡aIn the snowy perfection of Aspen, the White family gathers for youngest daughter Rosie’s whirlwind Christmas wedding. First to arrive are the bride’s parents, Maggie and Nick. Their daughter’s marriage is a milestone they are determined to celebrate wholeheartedly, but they are hiding a huge secret about their own: they are on the brink of divorce. After living apart for the last six months, the last thing they need is to be trapped together in an irresistibly romantic winter wonderland. Rosie’s older sister, Katie, is also dreading the wedding. Worried that impulsive, sweet-hearted Rosie is making a mistake, Katie is determined to save her sister from herself! If only the irritatingly good-looking best man, Jordan, would stop interfering with her plans… Bride-to-be Rosie loves her fiancé but is having serious second thoughts. Except everyone has arrived—how can she tell them she’s not sure? As the big day gets closer, and emotions run even higher, this is one White family Christmas none of them will ever forget!
650 0. ‡aWeddings ‡vFiction. ‡0(LARL_NWRL_CONSORTIUM)167876
650 0. ‡aMan-woman relationships ‡vFiction. ‡0(LARL_NWRL_CONSORTIUM)165985
650 0. ‡aSisters ‡vFiction. ‡0(LARL_NWRL_CONSORTIUM)167281
650 0. ‡aChristmas stories. ‡0(LARL_NWRL_CONSORTIUM)16743
651 0. ‡aAspen (Colo.) ‡vFiction.
655 7. ‡aRomance fiction. ‡2lcgft
655 7. ‡aChristmas fiction. ‡2lcgft
655 7. ‡aNovels. ‡2lcgft
901 . ‡a321504 ‡bOCoLC ‡c321504 ‡tbiblio ‡soclc

Additional Resources